| 000 | 00781cam a2200277 a 4500 | ||
|---|---|---|---|
| 001 | 4786447 | ||
| 003 | OSt | ||
| 005 | 20140310182232.0 | ||
| 008 | 870623s1987 nyu 000 1 eng | ||
| 010 | _a 87018602 | ||
| 020 |
_a0671704184 _c$18.95 |
||
| 020 | _a067164839X (lim. ed.) | ||
| 040 |
_aDLC _cDLC _dDLC _dOCoLC |
||
| 050 | 0 | 0 |
_aPR 6052 _b.B255 1988 |
| 082 | 0 | 0 |
_aFIC _bB24w 1987 |
| 100 | 1 |
_aBarker, Clive, _d1952- _918346 |
|
| 245 | 1 | 0 |
_aWeaveworld / _cClive Barker. |
| 260 |
_aNew York : _bPocket Books, _cc1988. |
||
| 300 |
_axi, 704 p. : _c17 cm. |
||
| 541 | _j1 | ||
| 562 | _e1 | ||
| 650 |
_aEpic adventure _xfiction _918347 |
||
| 655 | 7 |
_aFantastic fiction. _2gsafd _94903 |
|
| 906 |
_a7 _bcbc _corignew _d1 _eocip _f19 _gy-gencatlg |
||
| 942 |
_2lcc _cBK-FIC |
||
| 999 |
_c10945 _d10945 |
||